000 00256nam a2200097Ia 4500
001 734966
005 20250826163843.0
008 250824s9999 xx 000 0 und d
245 0 _aSEKSEN GÜNDE DÜNYA GEZİSİ
_cJULES VERNE
260 _bERDEM ÇOCUK YAYINLARI
999 _c734966
_d734966